Ekonomika, financie a manažment podniku - rok 2013 zborník [abstraktov] vedeckých statí pri príležitosti 60. výročia založenia Fakulty podnikového manažmentu EU v Bratislave

Na minha lista:
Detalhes bibliográficos
Autor Corporativo: Ekonomická univerzita v Bratislave. Fakulta podnikového manažmentu
Outros Autores: Majtán, Miroslav, Markovič, Peter, 1974-, Grznár, Miroslav, Rajňák, Milan
Formato: Livro
Idioma:eslovaco
inglês
Publicado em: Bratislava Vydavateľstvo EKONÓM 2013
Assuntos:
Tags: Adicionar Tag
Sem tags, seja o primeiro a adicionar uma tag!

MARC

LEADER 00000nam a2200000 4500
001 0179749
005 20240502073045.0
020 |a 978-80-225-3650-9 
041 0 |a slo 
041 0 |a eng 
044 |a SK 
245 1 0 |a Ekonomika, financie a manažment podniku - rok 2013  |b zborník [abstraktov] vedeckých statí pri príležitosti 60. výročia založenia Fakulty podnikového manažmentu EU v Bratislave  |c zostavovatelia Miroslav Majtán, Peter Markovič ; recenzenti Miroslav Grznár, Milan Rajňák 
264 1 |a Bratislava  |b Vydavateľstvo EKONÓM  |c 2013 
300 |a 83 s. [4,15 AH] 
610 2 0 |a hospodárstvo podnikové 
610 2 0 |a financie podnikové 
610 2 0 |a riadenie podnikové 
700 1 |a Majtán, Miroslav 
700 1 |a Markovič, Peter, 1974- 
700 1 |a Grznár, Miroslav 
700 1 |a Rajňák, Milan 
710 2 |a Ekonomická univerzita v Bratislave. Fakulta podnikového manažmentu